00800 a2200217 4500020001500000020001800015082000800033090001300041100003000054245012800084250001200212260003200224300002100256490006400277700001900341700002300360830006400383942002500447999001700472952009300489 a0415273641 a978041527364004a515 c168d1681 aNazaikinskii, Vladimir E.10aQuantization methods in the theory of differential equations /cVladimir E. Nazaikinskii, B.-W. Schulze, Boris Yu. Sternin. a1st ed. a[S.l.] :bCRC Press,c2002. a352 p. ;c25 cm.1 aDifferential and integral equations and their applications.1 aSchulze, B.-W.1 aSternin, Boris Yu. 0aDifferential and integral equations and their applications. aSNScBKk515.353 NAZ c28806d28806 00104070aSNSbSNSd2016-05-26l0o515.353 NAZpSNS0000062r2016-05-26w2016-05-26yBK